Notes on structural and functional aspects of an educational system relevant to educational administration; (Record no. 88943)
[ view plain ]
| 000 -LEADER | |
|---|---|
| fixed length control field | 00801cam a2200229 4500 |
| 001 - CONTROL NUMBER | |
| control field | sa 68019524 |
| 003 - CONTROL NUMBER IDENTIFIER | |
| control field | DLC |
| 005 - DATE AND TIME OF LATEST TRANSACTION | |
| control field | 20260227112718.0 |
| 008 - FIXED-LENGTH DATA ELEMENTS--GENERAL INFORMATION | |
| fixed length control field | 720211s1967 ce b 00000 eng |
| 010 ## - LIBRARY OF CONGRESS CONTROL NUMBER | |
| LC control number | sa 68019524 //r84 |
| 025 ## - OVERSEAS ACQUISITION NUMBER | |
| Overseas acquisition number | PL480:C-308 |
| 043 ## - GEOGRAPHIC AREA CODE | |
| Geographic area code | a-ce--- |
| 050 0# - LIBRARY OF CONGRESS CALL NUMBER | |
| Classification number | LB2948.3 |
| Item number | .A77 |
| 082 ## - DEWEY DECIMAL CLASSIFICATION NUMBER | |
| Classification number | 658/.91/3710095493 |
| 100 10 - MAIN ENTRY--PERSONAL NAME | |
| Personal name | Alles, Jinapala, |
| Dates associated with a name | 1923- |
| 245 10 - TITLE STATEMENT | |
| Title | Notes on structural and functional aspects of an educational system relevant to educational administration; |
| Remainder of title | working paper. |
| 260 0# - PUBLICATION, DISTRIBUTION, ETC. | |
| Place of publication, distribution, etc. | Colombo, |
| Name of publisher, distributor, etc. | Division of Secondary Education, Ministry of Education, Ceylon, |
| Date of publication, distribution, etc. | 1967. |
| 300 ## - PHYSICAL DESCRIPTION | |
| Extent | 35, [1] p. |
| Dimensions | 24 cm. |
| 504 ## - BIBLIOGRAPHY, ETC. NOTE | |
| Bibliography, etc. note | Bibliography: p. [36] |
| 650 #0 - SUBJECT ADDED ENTRY--TOPICAL TERM | |
| Topical term or geographic name entry element | School management and organization |
| Geographic subdivision | Sri Lanka. |
| 710 10 - ADDED ENTRY--CORPORATE NAME | |
| Corporate name or jurisdiction name as entry element | Ceylon. |
| Subordinate unit | Dvitīyaka Adhyāpana Aṃśaya. |
No items available.